000 00332nam a2200145Ia 4500
005 20251222144635.0
008 251222s9999||||xx |||||||||||||| ||spa||
020 _a84-339-1042-6
082 _a868.6/S66
100 _aSoler, Antonio
245 0 _aLas Bailarinas Muertas
250 _a2a. ed.
264 _bAnagrama
942 _cLIB
999 _c16466
_d16466